Top 15 Celebrities Born In 2001 - Statistics

General Stats
  • This quiz has been taken 182 times
    156 since last reset
  • The average score is 4 of 15
Answer Stats
Picture Answer % Correct
Billie Eilish
98%
Dixie D'Amelio
67%
Noah Beck
44%
Emma Chamberlain
41%
Caleb Mclaughlin
28%
Lexi Rivera
26%
Sofie Dossi
21%
Morgz
19%
Kaia Gerber
16%
Zoe LaVerne
15%
Maitreyi Ramakrishnan
13%
Emma Fuhrmann
5%
Anthony Reeves
2%
Judah Lewis
2%
Niles Fitch
1%
No matching quizzes found
Score Distribution
Percent of People with Each Score
Percentile by Number Answered
Your Score History
You have not taken this quiz since the last reset